Online Catalogue and eLibrary

2010 Abyavakash Weera Charikawa (Record no. 1305)

MARC details
000 -LEADER
fixed length control field 00413nam a2200157Ia 4500
005 - DATE AND TIME OF LATEST TRANSACTION
control field 20250509035838.0
008 - FIXED-LENGTH DATA ELEMENTS--GENERAL INFORMATION
fixed length control field 240331s9999 xx 000 0 und d
020 ## - INTERNATIONAL STANDARD BOOK NUMBER
ISBN 9559529021
082 ## - DDC Classification
Class No. 060
Item Number - Author Mark CLA
100 ## - MAIN ENTRY--PERSONAL NAME
Personal name Clark, A
245 #0 - TITLE STATEMENT
Title 2010 Abyavakash Weera Charikawa
260 ## - PUBLICATION, DISTRIBUTION, ETC.
Place of publication, distribution, etc. New York
Name of publisher, distributor, etc. Bellantine books
Date of publication, distribution, etc. 1991
300 ## - PHYSICAL DESCRIPTION
Extent (e.g. Volumes, Pages etc.) 235 p .,
500 ## - GENERAL NOTE
General note 2010 - A Space Odyssey (Sinhala Translation)
942 ## - Koha item type (Biblio)
Koha item type Books in Stacks (Lending)
Holdings
Lost status Damaged status Collection code Home library Current library Shelving location Date acquired Full call number Accession Number Item type
    Lending WERC Library WERC Library Social Science Cupboard 03/31/2024 060 CLA 1078 Books in Stacks (Lending)

© WERC Library